|
|
|
|
| LEADER |
01022nam a22002772a 4500 |
| 001 |
000101129 |
| 003 |
CZ BrMZK |
| 005 |
20140428142255.0 |
| 007 |
ta |
| 008 |
010907s1962 xr f cze d |
| 015 |
|
|
|a cnb000614147
|
| 035 |
|
|
|a (OCoLC)85469451
|
| 040 |
|
|
|a BOA001
|b cze
|
| 100 |
1 |
|
|a Wenig, Jan,
|d 1905-1979
|7 jk01151579
|4 aut
|
| 245 |
1 |
0 |
|a Byli v Praze /
|c Jan Wenig
|
| 250 |
|
|
|a 1. vyd.
|
| 260 |
|
|
|a Praha :
|b Státní hudební vydavatelství,
|c 1962
|
| 300 |
|
|
|a 187 s.
|
| 504 |
|
|
|a Obsahuje bibliografii
|
| 856 |
4 |
1 |
|u http://www.digitalniknihovna.cz/mzk/uuid/uuid:aad2fd30-ae8e-11e3-b833-005056827e52
|y Digitalizovaný dokument
|x NDK
|
| 910 |
|
|
|a BOA001
|b 2-0476.755
|b PK-0030.539
|
| 920 |
|
|
|a 000186741
|
| 964 |
|
|
|a Praha - skladatelé hudební světoví - pobyty - vyprávění
|
| 990 |
|
|
|a BK
|
| 996 |
6 |
|
|b 2619941575
|c 2-0476.755
|l MZK
|r Sklad / do 24 hodin
|n 4
|w 000101129
|u 000020
|a 1
|e BOA001
|j MZK50
|s P
|
| 996 |
7 |
|
|b 3119959877
|c PK-0030.539
|l MZK
|r Sklad / do 1 hodiny
|n 0
|w 000101129
|u 000010
|a 1
|e BOA001
|j MZK50
|s A
|